| 000 | 00965nam a2200337 a 4500 | ||
|---|---|---|---|
| 003 | AR-BaBNM | ||
| 005 | 20251128203313.0 | ||
| 008 | 082120s2002 ||||||||||||||000 | spa|| | ||
| 040 | _cAR-BaBNM | ||
| 100 | 1 | _aSchoeps, Hans-Joachim | |
| 245 | 0 | 0 |
_a¿Que es el hombre? _buna antropología filosófica como historia del espíritu de nuestro tiempo |
| 260 |
_aBuenos Aires _bEudeba _c1979 |
||
| 300 | _a299 p. | ||
| 490 | 0 | _aTemas | |
| 500 | _aContiene referencias bibliográficas en p. 285 | ||
| 650 | 4 | _aANTROPOLOGIA CULTURAL Y SOCIAL | |
| 650 | 4 | _aESTUDIOS CULTURALES | |
| 650 | 4 | _aEXISTENCIALISMO | |
| 650 | 4 | _aONTOLOGIA | |
| 650 | 4 | _aMARXISMO | |
| 650 | 4 | _aCOSMOLOGIA | |
| 650 | 4 | _aRELIGION | |
| 650 | 4 | _aTEXTOS SAGRADOS | |
| 650 | 4 | _aETNOPSICOLOGIA | |
| 650 | 4 | _aMEDICINA | |
| 653 | _aANTROPOLOGIA FILOSOFICA | ||
| 700 | 1 |
_aFerreyra, Manuel E. _etraductor |
|
| 700 | 1 |
_aKoweindl, María de _etraductor |
|
| 942 | _cBK | ||
| 998 | _cMARTIN | ||
| 999 |
_c2798 _d2798 |
||